00235nam a2200097Ia 4500008004000000082001600040100000600056245002700062260004200089300000600131210210b1978 xxu||||| |||| 00| 0 eng d a346.01 NEWA a- aNew acts of Hindu law. aAllahabadbAllahabad Law Agencyc1978 a9